书目信息 |
| 题名: |
代数拓扑导论(英)
|
|
| 作者: | William S.Massey 著 | |
| 分册: | ||
| 出版信息: | 北京 世界图书出版公司 1967 |
|
| 页数: | 261页 | |
| 开本: | 20cm | |
| 丛书名: | ||
| 单 册: | ||
| 中图分类: | O189.2 | |
| 科图分类: | ||
| 主题词: | 几何 , 拓扑 | |
| 电子资源: | ||
| ISBN: | 7-5062-0086-4 | |
| 000 | 00547nam0 2200193 450 | |
| 001 | 0732828906 | |
| 005 | 20070903090708.90 | |
| 010 | @a7-5062-0086-4@d¥13.90 | |
| 100 | @a20070903d km y0chiy0120 ea | |
| 101 | 0 | @achi |
| 200 | 1 | @a代数拓扑导论(英)@Adai shu tuo pu dao lun(ying)@fWilliam S.Massey著@FWilliam S.Massey zhu |
| 210 | @a北京@c世界图书出版公司@d1967 | |
| 215 | @a261页@d20cm | |
| 606 | 0 | @a几何 |
| 606 | 0 | @a拓扑 |
| 690 | @aO189.2@v3 | |
| 701 | 0 | @aWilliam S.Massey@4著 |
| 801 | 0 | @aCN@bPFT@c20070903 |
| 905 | @a213230@dO189.2@eS11@f1 | |
| 代数拓扑导论(英)/William S.Massey著.-北京:世界图书出版公司,1967 |
| 261页;20cm |
| ISBN 7-5062-0086-4:¥13.90 |
| ● |
| 相关链接 |
|
|
|
|
正题名:代数拓扑导论(英)
索取号:O189.2/S11
 
预约/预借
| 序号 | 登录号 | 条形码 | 馆藏地/架位号 | 状态 | 备注 |
| 1 | 6704313 | 267043139 | 密集书库-数信学院/ [索取号:O189.2/S11] | 在馆 |